Routes to adulthood in a changing society : the portuguese experience (Record no. 76473)

MARC details
000 -CABECERA
campo de control de longitud fija 00672nam a2200241 a 4500
005 - FECHA Y HORA DE LA ÚLTIMA TRANSACCIÓN
campo de control 20210219153427.0
008 - ELEMENTOS DE LONGITUD FIJA--INFORMACIÓN GENERAL
campo de control de longitud fija 991125n 000 0 u
035 ## - NÚMERO DE CONTROL DEL SISTEMA
Número de control de sistema UPN01000098134
100 ## - ASIENTO PRINCIPAL--NOMBRE PERSONAL
Nombre de persona Pais, Jose Machado
222 ## - TÍTULO CLAVE
Título clave JOURNAL OF EDUCATION POLICY
245 ## - MENCIÓN DE TÍTULO
Título Routes to adulthood in a changing society : the portuguese experience
300 ## - DESCRIPCIÓN FÍSICA
Extensión 9-15
362 ## - FECHAS DE PUBLICACIÓN Y/O DESIGNACIÓN SECUENCIAL
Fecha de publicación y/o designación secuencial 8, No. 1, 1993
505 ## - NOTA DE CONTENIDO CON FORMATO PREESTABLECIDO
Nota de contenido con formato Julio 1993
653 0# - TERMINO DE INDIZACION - NO CONTROLADO
Término no controlado CAMBIO ECONOMICO
653 0# - TERMINO DE INDIZACION - NO CONTROLADO
Término no controlado CAMBIO SOCIAL
653 0# - TERMINO DE INDIZACION - NO CONTROLADO
Término no controlado MADUREZ (INDIVIDUOS)
653 0# - TERMINO DE INDIZACION - NO CONTROLADO
Término no controlado MODERNIZACION
653 0# - TERMINO DE INDIZACION - NO CONTROLADO
Término no controlado POLITICA EDUCATIVA
653 0# - TERMINO DE INDIZACION - NO CONTROLADO
Término no controlado RELACION EDUCACION-TRABAJO
904 ## - ELEMENTOS DE DATOS D LOCAL, LDD (RLIN)
a AC
b 035945
905 ## - TIPO DE MATERIAL
Tipo de material Articulo

No items available.